000 00467nam a22001817a 4500
003 MPLRDC
005 20220104144410.0
008 210129b ||||| |||| 00| 0 eng d
020 _a957-9598-82-7
082 _a177.2 JFKJE c.2
100 _a井户口健二
245 _a28岁创业40岁资产15亿
_c萧健译
250 _a初版
260 _a
_b新雨出版社
_c1992
300 _b
650 _a应用心理学--成功法
942 _cBK
_o177.2 JFKJE c.2
999 _c49221
_d49211